000 00275nam a2200121Ia 4500
008 220204s9999 xx 000 0 und d
082 _a339.1
_bWIL
100 _aWILLIAMS, Treharne D
245 0 _aCommerce
250 _aEd.4
260 _aLondon
_bLongman
_c1956
942 _cBK
999 _c24866
_d24866